000 01437nam a2200241Ia 4500
003 Ost
005 20260507075323.0
008 260507s9999||||xx |||||||||||||| ||und||
020 _a20849999579
040 _cfsecg
041 _aara
082 _a338.4791
100 _aعبوي، زيد منير
_eمؤلف
245 0 _aالاقتصاد السياحي /
_c زيد منير عبوي
260 _aعمان:
_bدار الراية للنشر والتوزيع,
_c2008
300 _a250 صفحة؛
_c25 سم
504 _aببليوغرافيا: ص.247
520 _aتعريف السياحة وأهميتها، السياحة و علاقتها بعلم الاقتصاد، أهمية قطاع الفندقة بالنسبة للسياحة و الجدوى الاقتصادية لها، البيئة الاقتصادية للسياحة، مساهمة السياحة و الفندقة في النشاط الاقتصادي، النمو الاقتصادي في قطاع السياحة و الفندقة، الاهمية الاقتصادية و علاقتها بالتنوع البيولوجي، الاقتصاد السياحي في الدول العربية، الاقتصاد السياحي في كل من دول الخليج ، سوريا ، مصر ، ليبيا ، الجزائر
653 _aالجزائر-السياحة
653 _aالسياحة- اقتصاديات
653 _aمصر-السياحة
942 _cكتاب
999 _c43940
_d43940